<?xml version="1.0" encoding="UTF-8"?>
<record
    xmlns:xsi="http://www.w3.org/2001/XMLSchema-instance"
    xsi:schemaLocation="http://www.loc.gov/MARC21/slim http://www.loc.gov/standards/marcxml/schema/MARC21slim.xsd"
    xmlns="http://www.loc.gov/MARC21/slim">

  <leader>01188nam a22002297a 4500</leader>
  <controlfield tag="005">20240807125947.0</controlfield>
  <datafield tag="010" ind1=" " ind2=" ">
    <subfield code="a">ENG-141272-73</subfield>
  </datafield>
  <datafield tag="020" ind1=" " ind2=" ">
    <subfield code="c">1240.00</subfield>
    <subfield code="a">9788196533274 (Vol.6)</subfield>
  </datafield>
  <datafield tag="020" ind1=" " ind2=" ">
    <subfield code="c">960.00</subfield>
    <subfield code="a">9788175055148(Vol.9)</subfield>
  </datafield>
  <datafield tag="035" ind1=" " ind2=" ">
    <subfield code="a">EN-124804-05</subfield>
  </datafield>
  <datafield tag="037" ind1=" " ind2=" ">
    <subfield code="b">DBAD</subfield>
  </datafield>
  <datafield tag="082" ind1=" " ind2=" ">
    <subfield code="a">581.954</subfield>
  </datafield>
  <datafield tag="245" ind1=" " ind2=" ">
    <subfield code="a">Flora of India:</subfield>
    <subfield code="c">edited by M. Sanjappa, Prashant K,Pusalkar and A.A. Mao(Vol.6); edited by V.Singh, P.Singh and S.S. Dash(Vol.9)</subfield>
    <subfield code="b">Fanaceae(Leguminosae)(Vol.6) and Saxifragaceae- Lecythidaceae(Vol.9)/</subfield>
  </datafield>
  <datafield tag="260" ind1=" " ind2=" ">
    <subfield code="a">Kolkata</subfield>
    <subfield code="b">Botanical Survey of India</subfield>
    <subfield code="c">2024</subfield>
  </datafield>
  <datafield tag="270" ind1=" " ind2=" ">
    <subfield code="a">CGO Complex, 3rd MSO Building Block-F, 5th &amp; 6th Floor, DF-Block Sector-I, Salt Lake City</subfield>
    <subfield code="b">Kolkata</subfield>
    <subfield code="e">700064</subfield>
  </datafield>
  <datafield tag="300" ind1=" " ind2=" ">
    <subfield code="a">2Vol.(555.;482p.)</subfield>
    <subfield code="c">25cm(hb)</subfield>
  </datafield>
  <datafield tag="490" ind1=" " ind2=" ">
    <subfield code="v">Vol.6 and Vol.9</subfield>
    <subfield code="a">Part- 1 (Vol.6)</subfield>
  </datafield>
  <datafield tag="500" ind1=" " ind2=" ">
    <subfield code="a">2 sets of Volume</subfield>
  </datafield>
  <datafield tag="500" ind1=" " ind2=" ">
    <subfield code="a">Part-1, Subfamily CERCIDOIDEAE, Subfamily DETARIOIDEAE, Subfamily DIALIOIDEAE, Subfamily CAESALPINIOIDEAE [CAESALPINIOIDS&amp; MIMOSOIDS] &amp; Subfamily PAPILIONOIDEAE [GENISTOIDS]</subfield>
  </datafield>
  <datafield tag="700" ind1=" " ind2=" ">
    <subfield code="a">edited by M. Sanjappa, Prashant K,Pusalkar and A.A. Mao(Vol.6); edited by V.Singh, P.Singh and S.S. Dash(Vol.9)</subfield>
    <subfield code="9">69673</subfield>
  </datafield>
  <datafield tag="942" ind1=" " ind2=" ">
    <subfield code="2">ddc</subfield>
    <subfield code="c">EN</subfield>
    <subfield code="h">581.954</subfield>
    <subfield code="m">FLO</subfield>
  </datafield>
  <datafield tag="999" ind1=" " ind2=" ">
    <subfield code="c">204930</subfield>
    <subfield code="d">204930</subfield>
  </datafield>
  <datafield tag="952" ind1=" " ind2=" ">
    <subfield code="0">0</subfield>
    <subfield code="1">0</subfield>
    <subfield code="3">Vol.6</subfield>
    <subfield code="4">0</subfield>
    <subfield code="7">0</subfield>
    <subfield code="8">NFIC</subfield>
    <subfield code="a">BL4</subfield>
    <subfield code="b">BL4</subfield>
    <subfield code="d">2024-08-07</subfield>
    <subfield code="e">DBAD</subfield>
    <subfield code="g">1240.00</subfield>
    <subfield code="l">0</subfield>
    <subfield code="o">581.954 FLO</subfield>
    <subfield code="p">EN-124804</subfield>
    <subfield code="r">2024-08-07 00:00:00</subfield>
    <subfield code="t">1</subfield>
    <subfield code="v">1240.00</subfield>
    <subfield code="w">2024-08-07</subfield>
    <subfield code="y">EN</subfield>
  </datafield>
  <datafield tag="952" ind1=" " ind2=" ">
    <subfield code="0">0</subfield>
    <subfield code="1">0</subfield>
    <subfield code="3">Vol.9</subfield>
    <subfield code="4">0</subfield>
    <subfield code="7">0</subfield>
    <subfield code="8">NFIC</subfield>
    <subfield code="a">BL4</subfield>
    <subfield code="b">BL4</subfield>
    <subfield code="d">2024-08-07</subfield>
    <subfield code="e">DBAD</subfield>
    <subfield code="g">960.00</subfield>
    <subfield code="l">0</subfield>
    <subfield code="o">581.954 FLO</subfield>
    <subfield code="p">EN-124805</subfield>
    <subfield code="r">2024-08-07 00:00:00</subfield>
    <subfield code="t">2</subfield>
    <subfield code="v">960.00</subfield>
    <subfield code="w">2024-08-07</subfield>
    <subfield code="y">EN</subfield>
  </datafield>
</record>
